000 01059pam a2200301 a 4500
999 _c6128
_d6128
001 636161
003 OSt
005 20200101125531.0
008 931001s1994 nyua b 001 0 eng
020 _a0074632108
020 _a9780074632109
040 _coclc
082 0 0 _a332.10973
_bKOH/F
100 _aKohn, Meir
_91009
245 1 0 _aFinancial Institutions And Markets /
_cMeir Kohn
250 _a4th ed.
260 _aNew York :
_bMcGraw-Hill,
_c1994.
300 _a 868 p
440 0 _aMcGraw-Hill series in finance
504 _aIncludes bibliographical references and indexes.
650 0 _aFinancial institutions
_zUnited States.
650 0 _aCapital market
_zUnited States.
650 0 _aMoney market
_zUnited States.
650 0 _aBanks and banking
_zUnited States.
906 _a7
_bcbc
_corignew
_d1
_eocip
_f19
_gy-gencatlg
942 _2ddc
_cBK
_h332.10973
_iKOH/F
_k332.10973
_mKOH/F